15 principales países con muertes de Covid-19 - 13 abr 2021 - Estadísticas

Estadísticas generales
  • Esta prueba ha sido intentada 6 veces
  • La puntuación promedio es 16 de 24
Estadísticas de respuestas
país % Correcto
España
100%
Estados Unidos
100%
Francia
100%
India
100%
Italia
100%
Rusia
100%
Argentina
83%
Brasil
83%
Irán
83%
México
83%
Perú
83%
Reino Unido
83%
Alemania
67%
Bélgica
67%
Colombia
67%
Chequia
50%
Bosnia y Herzegovina
33%
Hungría
33%
Polonia
33%
Portugal
33%
Bulgaria
17%
Eslovaquia
17%
Eslovenia
17%
Macedonia del Norte
17%
No se encontraron pruebas coincidentes
Distribución de puntuación
Porcentaje de gente con cada puntuación
Porcentaje por número respondido
Historial de tus puntuaciones
No has intentado esta prueba.